| 000 | 00855nam a2200253 i 4500 | ||
|---|---|---|---|
| 001 | bgj | ||
| 245 | 0 | 0 |
_aThe Present _nVol. 8 / _cedited by Boris Ford. |
| 260 |
_aLondon : _bPenguin Books, _c1990. |
||
| 300 |
_a620 pp ; _c20 cm. |
||
| 490 | 1 |
_aThe New Pelican Guide to English Literature ; _vvol. 8 |
|
| 505 | _aIncludes index and bibliographical references. | ||
| 650 | 9 |
_aEnglish literature _xHistory and crititcism _y20th century |
|
| 650 | 9 |
_aEnglish literature _xHistory _y1945- |
|
| 650 | 9 |
_aEnglish literature _xCritical studies _y1900- |
|
| 700 | 1 |
_aFORD, Boris. _eed. |
|
| 830 | _aThe New Pelican Guide to English Literature | ||
| 830 | _aThe New Pelican Guide to English Literature ; | ||
| 020 | _a0140138145 | ||
| 040 | _cBPK | ||
| 041 | 0 | _aeng | |
| 920 | _a0-14-013814-5 | ||
| 942 | _cKS | ||
| 008 | s uk f |000 0 eng | ||
| 999 |
_c48440 _d48440 |
||
| 856 |
_uhttp://koha.tu.koszalin.pl/cgi-bin/koha/opac-detail.pl?biblionumber=48440 _yKatalog online BPK |
||